<?xml version="1.0" encoding="UTF-8"?>
<record
    xmlns:xsi="http://www.w3.org/2001/XMLSchema-instance"
    xsi:schemaLocation="http://www.loc.gov/MARC21/slim http://www.loc.gov/standards/marcxml/schema/MARC21slim.xsd"
    xmlns="http://www.loc.gov/MARC21/slim">

  <leader>00725nam a22002177a 4500</leader>
  <controlfield tag="005">20150124122050.0</controlfield>
  <controlfield tag="008">121203t        mx||||| |||| 00| 0 spa d</controlfield>
  <datafield tag="020" ind1=" " ind2=" ">
    <subfield code="a">9786074480665</subfield>
  </datafield>
  <datafield tag="050" ind1="0" ind2="4">
    <subfield code="a">RC557</subfield>
    <subfield code="b">A48 2011</subfield>
  </datafield>
  <datafield tag="100" ind1="1" ind2=" ">
    <subfield code="a">&#xC1;lvarez-Gayou Jurgenson, Jos&#xE9; Luis</subfield>
  </datafield>
  <datafield tag="245" ind1="1" ind2="0">
    <subfield code="a">Sexoterapia integral</subfield>
    <subfield code="c"> / Jos&#xE9; Luis &#xC1;lvarez-Gayou Jurgenson ; editor responsable Santiago Viveros Fuentes</subfield>
  </datafield>
  <datafield tag="250" ind1=" " ind2=" ">
    <subfield code="a">2a ed.</subfield>
  </datafield>
  <datafield tag="260" ind1=" " ind2=" ">
    <subfield code="a">M&#xE8;xico :</subfield>
    <subfield code="b">Manual Moderno,</subfield>
    <subfield code="c">2011</subfield>
  </datafield>
  <datafield tag="300" ind1=" " ind2=" ">
    <subfield code="a">xiii, 333 p. :</subfield>
    <subfield code="b">il. ;</subfield>
    <subfield code="c">22 cm.</subfield>
  </datafield>
  <datafield tag="504" ind1=" " ind2=" ">
    <subfield code="a">Bibliograf&#xED;a : p. 317-326</subfield>
  </datafield>
  <datafield tag="504" ind1=" " ind2=" ">
    <subfield code="a">Incluye &#xED;ndice</subfield>
  </datafield>
  <datafield tag="650" ind1=" " ind2="7">
    <subfield code="2">LEMB</subfield>
    <subfield code="a">Terapia de desviaciones sexuales</subfield>
  </datafield>
  <datafield tag="650" ind1=" " ind2="4">
    <subfield code="a">Terapia sexual</subfield>
  </datafield>
  <datafield tag="700" ind1="1" ind2=" ">
    <subfield code="a">Viveros Fuentes, Santiago</subfield>
    <subfield code="e">ed.</subfield>
  </datafield>
  <datafield tag="942" ind1=" " ind2=" ">
    <subfield code="2">lcc</subfield>
    <subfield code="c">LIB</subfield>
  </datafield>
  <datafield tag="999" ind1=" " ind2=" ">
    <subfield code="c">12603</subfield>
    <subfield code="d">12603</subfield>
  </datafield>
  <datafield tag="952" ind1=" " ind2=" ">
    <subfield code="1">0</subfield>
    <subfield code="2">lcc</subfield>
    <subfield code="4">0</subfield>
    <subfield code="7">0</subfield>
    <subfield code="a">LIC-047-1</subfield>
    <subfield code="b">LIC-047-1</subfield>
    <subfield code="c">GENERAL</subfield>
    <subfield code="d">2012-12-03</subfield>
    <subfield code="e">PIFI 2010</subfield>
    <subfield code="k">Ciencias de la salud</subfield>
    <subfield code="o">RC557 A48 2011</subfield>
    <subfield code="p">BCCH000000186</subfield>
    <subfield code="r">2015-01-16 00:00:00</subfield>
    <subfield code="t">1</subfield>
    <subfield code="y">LIB</subfield>
  </datafield>
  <datafield tag="952" ind1=" " ind2=" ">
    <subfield code="1">0</subfield>
    <subfield code="2">lcc</subfield>
    <subfield code="4">0</subfield>
    <subfield code="7">0</subfield>
    <subfield code="a">LIC-047-1</subfield>
    <subfield code="b">LIC-047-1</subfield>
    <subfield code="c">GENERAL</subfield>
    <subfield code="d">2012-12-03</subfield>
    <subfield code="e">PIFI 2010</subfield>
    <subfield code="k">Ciencias de la salud</subfield>
    <subfield code="o">RC557 A48 2011</subfield>
    <subfield code="p">BCCH000000187</subfield>
    <subfield code="r">2015-01-16 00:00:00</subfield>
    <subfield code="t">2</subfield>
    <subfield code="y">LIB</subfield>
  </datafield>
  <datafield tag="952" ind1=" " ind2=" ">
    <subfield code="1">0</subfield>
    <subfield code="2">lcc</subfield>
    <subfield code="4">0</subfield>
    <subfield code="7">0</subfield>
    <subfield code="a">LIC-047-1</subfield>
    <subfield code="b">LIC-047-1</subfield>
    <subfield code="c">GENERAL</subfield>
    <subfield code="d">2013-01-14</subfield>
    <subfield code="e">Pifi</subfield>
    <subfield code="k">Ciencias de la salud</subfield>
    <subfield code="o">RC557 A48 2011</subfield>
    <subfield code="p">BCCH000000204</subfield>
    <subfield code="r">2015-01-16 00:00:00</subfield>
    <subfield code="t">C:3</subfield>
    <subfield code="y">LIB</subfield>
  </datafield>
  <datafield tag="952" ind1=" " ind2=" ">
    <subfield code="1">0</subfield>
    <subfield code="2">lcc</subfield>
    <subfield code="4">0</subfield>
    <subfield code="7">0</subfield>
    <subfield code="a">LIC-047-1</subfield>
    <subfield code="b">LIC-047-1</subfield>
    <subfield code="c">GENERAL</subfield>
    <subfield code="d">2013-01-14</subfield>
    <subfield code="e">Pifi</subfield>
    <subfield code="k">Ciencias de la salud</subfield>
    <subfield code="o">RC557 A48 2011</subfield>
    <subfield code="p">BCCH000000205</subfield>
    <subfield code="r">2015-01-16 00:00:00</subfield>
    <subfield code="t">C:4</subfield>
    <subfield code="y">LIB</subfield>
  </datafield>
</record>
